[Event "1SM"]
[Site "Sharjah Chess Club"]
[Date "2017.03.29"]
[Round "7.12"]
[White "Maghsoodloo, Parham"]
[Black "Kuzubov, Yuriy"]
[Result "1-0"]
[BlackElo "2643"]
[WhiteElo "2576"]
[LiveChessVersion "1.4.8"]

1. d4 {[%clk 1:40:59]} Nf6 {[%clk 1:40:54]} 2. c4 {[%clk 1:40:09]} e6
{[%clk 1:41:17]} 3. Nf3 {[%clk 1:40:29]} d5 {[%clk 1:41:40]} 4. Nc3
{[%clk 1:40:45]} c5 {[%clk 1:41:28]} 5. cxd5 {[%clk 1:37:16]} Nxd5
{[%clk 1:41:47]} 6. e4 {[%clk 1:37:33]} Nxc3 {[%clk 1:42:05]} 7. bxc3
{[%clk 1:37:56]} cxd4 {[%clk 1:42:22]} 8. cxd4 {[%clk 1:37:35]} Bb4+
{[%clk 1:42:46]} 9. Bd2 {[%clk 1:37:58]} Bxd2+ {[%clk 1:43:09]} 10. Qxd2
{[%clk 1:38:23]} O-O {[%clk 1:43:26]} 11. Bc4 {[%clk 1:36:01]} Nc6
{[%clk 1:43:40]} 12. O-O {[%clk 1:36:23]} b6 {[%clk 1:43:13]} 13. Rac1
{[%clk 1:32:17]} Bb7 {[%clk 1:38:37]} 14. Rfe1 {[%clk 1:30:12]} Na5
{[%clk 1:18:14]} 15. Bd3 {[%clk 1:29:18]} Rc8 {[%clk 1:18:28]} 16. h4
{[%clk 1:29:06]} Qe7 {[%clk 1:13:48]} 17. Qf4 {[%clk 1:26:39]} h6
{[%clk 0:42:24]} 18. h5 {[%clk 1:13:15]} Qf6 {[%clk 0:35:22]} 19. Qe3
{[%clk 1:10:18]} Rfd8 {[%clk 0:31:40]} 20. Bb1 {[%clk 1:04:06]} Qe7
{[%clk 0:30:00]} 21. Qd3 {[%clk 1:00:51]} Kf8 {[%clk 0:22:15]} 22. d5
{[%clk 0:44:41]} e5 {[%clk 0:15:46]} 23. Qb5 {[%clk 0:44:48]} Re8
{[%clk 0:03:53]} 24. Bd3 {[%clk 0:44:22]} Rxc1 {[%clk 0:01:56]} 25. Rxc1
{[%clk 0:44:51]} Bc8 {[%clk 0:01:56]} 26. Qb2 {[%clk 0:40:21]} Bg4
{[%clk 0:01:56]} 27. Bb5 {[%clk 0:36:48]} Bxf3 {[%clk 0:02:16]} 28. gxf3
{[%clk 0:36:12]} Rd8 {[%clk 0:02:42]} 29. Ba6 {[%clk 0:36:41]} b5
{[%clk 0:00:33]} 30. Kf1 {[%clk 0:35:00]} Nc4 {[%clk 0:00:57]} 31. Qxb5
{[%clk 0:34:50]} Nd6 {[%clk 0:00:53]} 32. Qb4 {[%clk 0:34:58]} Kg8
{[%clk 0:01:06]} 33. Rc6 {[%clk 0:35:08]} Rd7 {[%clk 0:00:34]} 34. Ke2
{[%clk 0:33:57]} Kh7 {[%clk 0:00:59]} 35. Bd3 {[%clk 0:33:35]} Qf6
{[%clk 0:00:54]} 36. f4 {[%clk 0:33:29]} Rb7 {[%clk 0:00:34]} 37. fxe5
{[%clk 0:31:34]} Qh4 {[%clk 0:00:33]} 38. Qxd6 {[%clk 0:31:34]} Qxh5+
{[%clk 0:00:34]} 39. Kd2 {[%clk 0:31:00]} Qg5+ {[%clk 0:00:50]} 40. Kc2
{[%clk 0:30:10]} Qg1 {[%clk 0:00:43]} 41. Qc5 {[%clk 0:29:21]} Rb1
{[%clk 0:00:38]} 42. Qe3 {[%clk 0:29:49]} Qd1+ {[%clk 0:00:37]} 43. Kc3
{[%clk 0:30:18]} Rb7 {[%clk 0:00:32]} 44. e6 {[%clk 0:30:35]} Qa1+
{[%clk 0:00:34]} 45. Kd2 {[%clk 0:31:00]} Qxa2+ {[%clk 0:00:52]} 46. Bc2
{[%clk 0:31:23]} fxe6 {[%clk 0:00:45]} 47. e5+ {[%clk 0:31:19]} g6
{[%clk 0:01:07]} 48. Qd3 {[%clk 0:31:39]} 1-0

[Event "1SM"]
[Site "Sharjah Chess Club"]
[Date "2017.03.29"]
[Round "7.13"]
[White "Narayanan, Srinath"]
[Black "Oleksiyenko, Mykhaylo"]
[Result "1/2-1/2"]
[BlackElo "2643"]
[WhiteElo "2472"]
[LiveChessVersion "1.4.8"]

1. e4 {[%clk 1:40:56]} e5 {[%clk 1:40:49]} 2. Nf3 {[%clk 1:40:04]} Nc6
{[%clk 1:41:15]} 3. Nc3 {[%clk 1:40:16]} Nf6 4. d4 {[%clk 1:40:33]} exd4
{[%clk 1:40:59]} 5. Nxd4 {[%clk 1:40:58]} Bb4 {[%clk 1:41:27]} 6. Nxc6
{[%clk 1:41:20]} bxc6 {[%clk 1:41:52]} 7. Bd3 {[%clk 1:41:47]} d5
{[%clk 1:42:17]} 8. exd5 {[%clk 1:42:12]} cxd5 {[%clk 1:42:43]} 9. O-O
{[%clk 1:42:35]} O-O {[%clk 1:43:10]} 10. h3 {[%clk 1:43:02]} h6 {[%clk 1:43:03]}
11. Qf3 {[%clk 1:43:22]} c6 {[%clk 1:43:29]} 12. Bf4 {[%clk 1:43:44]} Re8
{[%clk 1:43:53]} 13. Rad1 {[%clk 1:43:21]} Bd6 {[%clk 1:37:50]} 14. Ne2
{[%clk 1:43:13]} Bxf4 {[%clk 1:35:31]} 15. Qxf4 {[%clk 1:41:46]} Qb6
{[%clk 1:32:07]} 16. b3 {[%clk 1:39:13]} c5 {[%clk 1:29:30]} 17. Ng3
{[%clk 1:34:23]} Qa5 {[%clk 1:27:34]} 18. a4 {[%clk 1:27:12]} Be6
{[%clk 1:19:36]} 19. Rfe1 {[%clk 1:23:26]} Rac8 {[%clk 1:17:23]} 20. Re5
{[%clk 1:10:48]} Bd7 {[%clk 1:12:14]} 21. Nh5 {[%clk 1:05:10]} Rxe5
{[%clk 0:54:37]} 22. Qxe5 {[%clk 1:05:22]} Nxh5 {[%clk 0:54:59]} 23. Qxh5
{[%clk 1:05:39]} Be6 {[%clk 0:54:07]} 24. Bf5 {[%clk 0:58:02]} Qc3
{[%clk 0:51:11]} 25. Bxe6 {[%clk 0:41:35]} fxe6 {[%clk 0:51:03]} 26. Qe2
{[%clk 0:42:01]} Qf6 {[%clk 0:37:07]} 27. Re1 {[%clk 0:41:52]} c4
{[%clk 0:30:48]} 28. Qxe6+ {[%clk 0:39:58]} Qxe6 {[%clk 0:28:14]} 29. Rxe6
{[%clk 0:40:24]} d4 {[%clk 0:28:10]} 30. bxc4 {[%clk 0:33:38]} Rxc4
{[%clk 0:28:35]} 31. Ra6 {[%clk 0:34:05]} Rxc2 {[%clk 0:28:51]} 32. Rxa7
{[%clk 0:34:30]} d3 {[%clk 0:28:47]} 33. Rd7 {[%clk 0:34:52]} d2 {[%clk 0:29:02]}
34. Kh2 {[%clk 0:35:18]} Ra2 {[%clk 0:29:23]} 35. a5 {[%clk 0:35:12]} Rxa5
{[%clk 0:29:44]} 36. Rxd2 {[%clk 0:35:37]} Kf7 {[%clk 0:30:00]} 37. Rd6
{[%clk 0:35:52]} Ra3 {[%clk 0:30:18]} 38. g4 {[%clk 0:35:52]} Ra5
{[%clk 0:30:44]} 39. Kg3 {[%clk 0:34:55]} h5 {[%clk 0:31:07]} 40. f4
{[%clk 0:35:18]} hxg4 {[%clk 0:31:20]} 41. hxg4 {[%clk 0:35:43]} g6
{[%clk 0:29:47]} 42. Kf3 {[%clk 0:34:58]} Ra4 {[%clk 0:29:18]} 43. g5
{[%clk 0:35:02]} Rb4 {[%clk 0:29:29]} 44. Ke3 1/2-1/2

[Event "1SM"]
[Site "Sharjah Chess Club"]
[Date "2017.03.29"]
[Round "7.14"]
[White "Bluebaum, Matthias"]
[Black "Vishnu, Prasanna. V"]
[Result "1-0"]
[BlackElo "2534"]
[WhiteElo "2632"]
[LiveChessVersion "1.4.8"]

1. Nf3 {[%clk 1:40:55]} Nf6 {[%clk 1:40:54]} 2. c4 {[%clk 1:41:16]} g6
{[%clk 1:41:19]} 3. Nc3 {[%clk 1:41:31]} d5 {[%clk 1:41:44]} 4. cxd5
{[%clk 1:41:28]} Nxd5 {[%clk 1:42:09]} 5. e4 {[%clk 1:40:26]} Nxc3
{[%clk 1:42:33]} 6. bxc3 {[%clk 1:40:53]} Bg7 {[%clk 1:42:50]} 7. Ba3
{[%clk 1:41:02]} Nd7 {[%clk 1:40:22]} 8. Be2 {[%clk 1:37:10]} c5 {[%clk 1:39:20]}
9. O-O {[%clk 1:36:04]} O-O {[%clk 1:33:58]} 10. d4 {[%clk 1:34:52]} Qa5
{[%clk 1:30:38]} 11. Qb3 {[%clk 1:29:23]} b6 {[%clk 1:14:20]} 12. e5
{[%clk 1:20:23]} e6 {[%clk 1:08:41]} 13. Bb5 {[%clk 0:54:34]} Rd8
{[%clk 1:04:11]} 14. Rfd1 {[%clk 0:36:56]} Bb7 {[%clk 0:50:39]} 15. Nd2
{[%clk 0:30:26]} Bd5 {[%clk 0:48:45]} 16. c4 {[%clk 0:26:04]} Bb7
{[%clk 0:47:24]} 17. Qb2 {[%clk 0:26:07]} 1-0

[Event "1SM"]
[Site "Sharjah Chess Club"]
[Date "2017.03.29"]
[Round "7.15"]
[White "Sargissian, Gabriel"]
[Black "Stany, G.A."]
[Result "1-0"]
[BlackElo "2495"]
[WhiteElo "2666"]
[LiveChessVersion "1.4.8"]

1. d4 {[%clk 1:40:11]} Nf6 {[%clk 1:40:54]} 2. Nf3 {[%clk 1:40:06]} b6
{[%clk 1:41:07]} 3. c4 {[%clk 1:36:57]} e6 {[%clk 1:41:33]} 4. g3
{[%clk 1:36:45]} Ba6 {[%clk 1:41:53]} 5. Nbd2 {[%clk 1:36:34]} Bb4
{[%clk 1:41:25]} 6. Qa4 {[%clk 1:36:02]} c5 {[%clk 1:40:08]} 7. a3
{[%clk 1:36:25]} Bxd2+ {[%clk 1:38:34]} 8. Bxd2 {[%clk 1:36:50]} O-O
{[%clk 1:22:39]} 9. dxc5 {[%clk 1:33:02]} bxc5 {[%clk 1:21:32]} 10. Be3
{[%clk 1:30:02]} d6 {[%clk 1:15:19]} 11. Bg2 {[%clk 1:30:11]} Bb7
{[%clk 1:15:36]} 12. b4 {[%clk 1:28:30]} Nbd7 {[%clk 1:13:37]} 13. O-O
{[%clk 1:27:12]} Qc7 {[%clk 1:12:11]} 14. Rac1 {[%clk 1:22:37]} Be4
{[%clk 1:04:06]} 15. Rfd1 {[%clk 1:22:11]} Rfd8 {[%clk 0:46:01]} 16. Qb3
{[%clk 1:20:31]} Rab8 {[%clk 0:42:32]} 17. Bf4 {[%clk 1:09:27]} e5
{[%clk 0:39:15]} 18. Bg5 {[%clk 1:09:03]} h6 {[%clk 0:39:20]} 19. Bxf6
{[%clk 1:08:59]} Nxf6 {[%clk 0:39:39]} 20. b5 {[%clk 1:08:12]} d5
{[%clk 0:35:02]} 21. cxd5 {[%clk 1:08:16]} Bxd5 {[%clk 0:35:27]} 22. Qe3
{[%clk 1:05:36]} Bxf3 {[%clk 0:23:01]} 23. Rxd8+ {[%clk 1:05:29]} Qxd8
{[%clk 0:23:25]} 24. Bxf3 {[%clk 1:04:00]} e4 {[%clk 0:15:17]} 25. Bxe4
{[%clk 1:04:11]} Nxe4 {[%clk 0:15:43]} 26. Qxe4 {[%clk 1:04:37]} Rxb5
{[%clk 0:16:07]} 27. Kg2 {[%clk 1:03:09]} Qc8 {[%clk 0:13:01]} 28. Qd5
{[%clk 1:00:35]} g6 {[%clk 0:09:28]} 29. a4 {[%clk 0:54:13]} Rb4 {[%clk 0:07:19]}
30. Rxc5 {[%clk 0:46:48]} Qe8 {[%clk 0:07:40]} 31. a5 {[%clk 0:43:54]} Qxe2
{[%clk 0:07:46]} 32. Rc7 {[%clk 0:44:15]} Qe4+ {[%clk 0:07:52]} 33. Qxe4
{[%clk 0:44:38]} Rxe4 {[%clk 0:08:18]} 34. Rxa7 {[%clk 0:45:02]} Ra4
{[%clk 0:08:33]} 35. Kf3 {[%clk 0:45:05]} h5 {[%clk 0:06:01]} 36. a6
{[%clk 0:39:19]} Kg7 {[%clk 0:06:22]} 37. h4 {[%clk 0:32:31]} Ra3+
{[%clk 0:06:27]} 38. Ke4 {[%clk 0:32:44]} Ra2 {[%clk 0:06:36]} 39. Kd5
{[%clk 0:31:27]} Rd2+ {[%clk 0:02:16]} 40. Kc5 {[%clk 0:31:27]} Rc2+
{[%clk 0:02:36]} 41. Kb4 {[%clk 0:26:05]} Ra2 {[%clk 0:02:09]} 42. Ra8
{[%clk 0:24:32]} Rb2+ {[%clk 0:01:05]} 43. Kc3 {[%clk 0:22:48]} Ra2
{[%clk 0:00:46]} 44. f3 {[%clk 0:22:07]} Ra3+ {[%clk 0:00:48]} 45. Kb4
{[%clk 0:22:13]} Ra1 {[%clk 0:00:54]} 46. Kb5 {[%clk 0:22:09]} Ra3
{[%clk 0:01:11]} 47. Rc8 {[%clk 0:22:01]} Rb3+ {[%clk 0:00:54]} 48. Ka4
{[%clk 0:22:22]} Rb6 {[%clk 0:01:18]} 49. Ka5 {[%clk 0:22:47]} Rb3
{[%clk 0:01:45]} 50. Rc4 {[%clk 0:22:11]} 1-0

[Event "1SM"]
[Site "Sharjah Chess Club"]
[Date "2017.03.29"]
[Round "7.16"]
[White "Safarli, Eltaj"]
[Black "Asgarizadeh, Ahmad"]
[Result "1/2-1/2"]
[BlackElo "2410"]
[WhiteElo "2680"]
[LiveChessVersion "1.4.8"]

1. e4 {[%clk 1:40:43]} e5 {[%clk 1:40:15]} 2. Nf3 {[%clk 1:41:04]} Nc6
{[%clk 1:40:40]} 3. Bb5 {[%clk 1:41:29]} Nf6 {[%clk 1:40:58]} 4. O-O
{[%clk 1:41:35]} Nxe4 {[%clk 1:41:14]} 5. d4 {[%clk 1:42:01]} Nd6
{[%clk 1:41:39]} 6. Bxc6 {[%clk 1:42:26]} dxc6 {[%clk 1:42:04]} 7. dxe5
{[%clk 1:42:53]} Nf5 {[%clk 1:42:28]} 8. Qxd8+ {[%clk 1:43:18]} Kxd8
{[%clk 1:42:53]} 9. h3 {[%clk 1:43:43]} Ke8 {[%clk 1:41:29]} 10. b3
{[%clk 1:38:50]} h5 {[%clk 1:40:52]} 11. Bb2 {[%clk 1:38:35]} a5 {[%clk 1:39:42]}
12. Nc3 {[%clk 1:35:31]} Bb4 {[%clk 1:39:48]} 13. a4 {[%clk 1:28:12]} Bxc3
{[%clk 1:36:16]} 14. Bxc3 {[%clk 1:24:52]} c5 {[%clk 1:36:28]} 15. Ng5
{[%clk 1:22:16]} Rh6 {[%clk 1:32:41]} 16. Rfe1 {[%clk 1:19:48]} Rg6
{[%clk 1:29:05]} 17. f4 {[%clk 1:15:39]} Be6 {[%clk 1:24:37]} 18. Rad1
{[%clk 1:13:57]} h4 {[%clk 1:22:07]} 19. Bb2 {[%clk 1:10:34]} b6 {[%clk 1:18:24]}
20. c4 {[%clk 1:09:03]} Rd8 {[%clk 1:15:43]} 21. Rxd8+ {[%clk 1:00:25]} Kxd8
{[%clk 1:16:06]} 22. Bc3 {[%clk 0:58:00]} Kc8 {[%clk 1:11:16]} 23. Re2
{[%clk 0:53:46]} Rh6 {[%clk 1:11:10]} 24. Kf2 {[%clk 0:47:55]} Rg6
{[%clk 1:11:11]} 25. Kg1 {[%clk 0:46:20]} Rh6 {[%clk 1:11:36]} 26. Kf2
{[%clk 0:46:14]} Rg6 {[%clk 1:12:01]} 27. Kg1 {[%clk 0:46:12]} Rh6
{[%clk 1:12:25]} 1/2-1/2

[Event "1SM"]
[Site "Sharjah Chess Club"]
[Date "2017.03.29"]
[Round "7.17"]
[White "Salem, A.R. Saleh"]
[Black "Viani, Antonio Dcunha"]
[Result "1-0"]
[BlackElo "2410"]
[WhiteElo "2652"]
[LiveChessVersion "1.4.8"]

1. d4 {[%clk 1:40:58]} Nf6 {[%clk 1:39:53]} 2. c4 {[%clk 1:41:21]} g6
{[%clk 1:40:08]} 3. Nc3 {[%clk 1:41:45]} Bg7 {[%clk 1:40:26]} 4. e4
{[%clk 1:42:09]} d6 {[%clk 1:40:43]} 5. Nf3 {[%clk 1:42:33]} O-O {[%clk 1:40:45]}
6. h3 {[%clk 1:42:57]} c5 {[%clk 1:40:14]} 7. d5 {[%clk 1:43:04]} e6
{[%clk 1:39:58]} 8. Bd3 {[%clk 1:43:21]} exd5 {[%clk 1:39:57]} 9. exd5
{[%clk 1:43:44]} Re8+ {[%clk 1:37:07]} 10. Be3 {[%clk 1:43:44]} Bh6
{[%clk 1:25:48]} 11. O-O {[%clk 1:43:25]} Bxe3 {[%clk 1:26:07]} 12. fxe3
{[%clk 1:43:52]} Qe7 {[%clk 1:25:35]} 13. e4 {[%clk 1:43:07]} Nbd7
{[%clk 1:22:40]} 14. Qd2 {[%clk 1:43:03]} Ne5 {[%clk 1:18:58]} 15. Nxe5
{[%clk 1:43:02]} Qxe5 {[%clk 1:19:07]} 16. Qf2 {[%clk 1:41:58]} Kg7
{[%clk 1:17:11]} 17. Rae1 {[%clk 1:42:12]} Re7 {[%clk 1:13:23]} 18. Re3
{[%clk 1:42:08]} Ng8 {[%clk 1:12:42]} 19. Rf3 {[%clk 1:42:18]} f6
{[%clk 1:12:35]} 20. Nd1 {[%clk 1:32:14]} Bd7 {[%clk 1:07:23]} 21. b3
{[%clk 1:32:38]} a5 {[%clk 1:00:12]} 22. Bb1 {[%clk 1:21:39]} Rf8
{[%clk 0:41:01]} 23. Nb2 {[%clk 1:11:56]} b6 {[%clk 0:36:05]} 24. Kh1
{[%clk 1:01:29]} Nh6 {[%clk 0:24:36]} 25. Nd3 {[%clk 1:01:00]} Qd4
{[%clk 0:19:42]} 26. Qg3 {[%clk 0:46:20]} Nf7 {[%clk 0:19:57]} 27. Rxf6
{[%clk 0:45:30]} Qxf6 {[%clk 0:19:00]} 28. Rxf6 {[%clk 0:45:58]} Kxf6
{[%clk 0:19:23]} 29. e5+ {[%clk 0:44:50]} dxe5 {[%clk 0:14:21]} 30. Nf2
{[%clk 0:43:35]} Kg7 {[%clk 0:13:16]} 31. Qh4 {[%clk 0:43:59]} Ree8
{[%clk 0:11:59]} 32. Ne4 {[%clk 0:44:22]} Bf5 {[%clk 0:11:15]} 33. Qf6+
{[%clk 0:44:14]} Kg8 {[%clk 0:11:22]} 34. Qxb6 {[%clk 0:44:24]} Bxe4
{[%clk 0:07:36]} 35. Bxe4 {[%clk 0:44:46]} Kg7 {[%clk 0:07:15]} 36. Qxc5
{[%clk 0:43:36]} Ng5 {[%clk 0:07:25]} 37. Qe3 {[%clk 0:43:28]} Nxe4
{[%clk 0:06:52]} 38. Qxe4 {[%clk 0:43:55]} Rf4 {[%clk 0:06:26]} 39. Qe1
{[%clk 0:42:10]} a4 {[%clk 0:03:56]} 40. d6 {[%clk 0:41:50]} Rd4 {[%clk 0:03:42]}
41. c5 {[%clk 0:42:14]} axb3 {[%clk 0:04:05]} 42. axb3 {[%clk 0:42:39]} Kf7
{[%clk 0:03:04]} 43. b4 {[%clk 0:39:20]} Ke6 {[%clk 0:03:01]} 44. Qc3
{[%clk 0:39:48]} Rb8 {[%clk 0:01:24]} 45. Qb3+ {[%clk 0:39:08]} Kf6
{[%clk 0:01:31]} 46. b5 {[%clk 0:39:08]} e4 {[%clk 0:01:28]} 47. Qc3
{[%clk 0:38:48]} Ke5 {[%clk 0:01:51]} 48. d7 {[%clk 0:38:38]} Kd5
{[%clk 0:02:03]} 49. c6 {[%clk 0:38:47]} 1-0

[Event "1SM"]
[Site "Sharjah Chess Club"]
[Date "2017.03.29"]
[Round "7.18"]
[White "Laxman, R.R."]
[Black "Lalith, Babu M R"]
[Result "1-0"]
[BlackElo "2593"]
[WhiteElo "2403"]
[LiveChessVersion "1.4.8"]

1. Nf3 {[%clk 1:40:37]} g6 {[%clk 1:40:52]} 2. e4 {[%clk 1:40:51]} Bg7
{[%clk 1:41:17]} 3. d4 {[%clk 1:41:15]} c6 {[%clk 1:41:43]} 4. Nc3
{[%clk 1:41:26]} d6 {[%clk 1:42:07]} 5. Bc4 {[%clk 1:40:03]} Nf6 {[%clk 1:41:36]}
6. Bb3 {[%clk 1:39:21]} O-O {[%clk 1:37:57]} 7. O-O {[%clk 1:39:34]} Qc7
{[%clk 1:32:41]} 8. e5 {[%clk 1:38:37]} dxe5 {[%clk 1:32:56]} 9. Nxe5
{[%clk 1:39:00]} Nbd7 {[%clk 1:32:43]} 10. Bf4 {[%clk 1:36:47]} Nh5
{[%clk 1:23:38]} 11. Nxd7 {[%clk 1:36:58]} Qxd7 {[%clk 1:23:56]} 12. Be3
{[%clk 1:33:49]} b6 {[%clk 1:18:24]} 13. Qf3 {[%clk 1:27:49]} Bb7
{[%clk 1:18:26]} 14. Rad1 {[%clk 1:28:12]} Rad8 {[%clk 1:17:11]} 15. Ne4
{[%clk 1:28:07]} Qc8 {[%clk 1:09:17]} 16. Bg5 {[%clk 1:18:37]} Qc7
{[%clk 1:02:44]} 17. Qe3 {[%clk 1:14:39]} c5 {[%clk 0:43:33]} 18. dxc5
{[%clk 1:13:48]} h6 {[%clk 0:43:13]} 19. Bh4 {[%clk 1:14:06]} g5 {[%clk 0:39:51]}
20. Bg3 {[%clk 1:14:14]} Qc6 {[%clk 0:25:48]} 21. f3 {[%clk 1:13:03]} bxc5
{[%clk 0:21:29]} 22. Qxc5 {[%clk 1:05:52]} Nxg3 {[%clk 0:18:38]} 23. hxg3
{[%clk 1:05:44]} Bxb2 {[%clk 0:05:34]} 24. Qxe7 {[%clk 1:04:44]} Rde8
{[%clk 0:05:27]} 25. Qb4 {[%clk 1:04:11]} Qb6+ {[%clk 0:02:22]} 26. Qxb6
{[%clk 1:04:39]} axb6 {[%clk 0:02:50]} 27. Nd6 {[%clk 1:04:28]} Re7
{[%clk 0:02:56]} 28. Nf5 {[%clk 1:03:56]} Rc7 {[%clk 0:03:14]} 29. Nxh6+
{[%clk 1:04:15]} Kg7 {[%clk 0:03:32]} 30. Nf5+ {[%clk 1:04:38]} Kg6
{[%clk 0:02:52]} 31. g4 {[%clk 1:03:40]} Be5 {[%clk 0:03:02]} 32. g3
{[%clk 1:03:41]} Bc8 {[%clk 0:02:06]} 33. f4 {[%clk 1:03:48]} Bf6
{[%clk 0:02:28]} 34. Rd6 {[%clk 1:01:22]} Rc3 {[%clk 0:01:39]} 35. Ne7+
{[%clk 0:58:45]} Kg7 {[%clk 0:02:05]} 36. Rxf6 {[%clk 0:58:58]} Rxg3+
{[%clk 0:02:19]} 37. Kf2 {[%clk 0:59:05]} Rxb3 {[%clk 0:02:24]} 38. Rc6
{[%clk 0:59:16]} Rb4 {[%clk 0:02:24]} 39. Rxc8 {[%clk 0:58:32]} Rxf4+
{[%clk 0:02:49]} 40. Kg2 {[%clk 0:58:38]} Rxg4+ {[%clk 0:03:02]} 41. Kh3
{[%clk 0:58:57]} Rxc8 {[%clk 0:03:08]} 42. Nxc8 {[%clk 0:59:20]} Rc4
{[%clk 0:03:23]} 43. Rxf7+ {[%clk 0:57:28]} Kg8 {[%clk 0:02:42]} 44. Nd6
{[%clk 0:57:51]} Rxc2 {[%clk 0:02:07]} 45. Ra7 {[%clk 0:58:15]} Rb2
{[%clk 0:01:52]} 46. Kg4 {[%clk 0:57:04]} b5 {[%clk 0:01:49]} 47. Ne4
{[%clk 0:56:31]} Kf8 {[%clk 0:01:58]} 48. Kxg5 {[%clk 0:56:14]} b4
{[%clk 0:01:18]} 49. Kf6 {[%clk 0:56:33]} Ke8 {[%clk 0:01:27]} 50. Nc5
{[%clk 0:56:55]} Rb1 1-0

[Event "1SM"]
[Site "Sharjah Chess Club"]
[Date "2017.03.29"]
[Round "7.19"]
[White "Fier, Alexandr"]
[Black "Vignesh, N R"]
[Result "1/2-1/2"]
[BlackElo "2405"]
[WhiteElo "2568"]
[LiveChessVersion "1.4.8"]

1. c4 {[%clk 1:40:56]} e5 {[%clk 1:40:08]} 2. Nc3 {[%clk 1:41:21]} Nf6
{[%clk 1:40:34]} 3. Nf3 {[%clk 1:41:30]} Nc6 {[%clk 1:40:59]} 4. e3
{[%clk 1:41:56]} Be7 {[%clk 1:36:30]} 5. d3 {[%clk 1:41:11]} d5 {[%clk 1:34:11]}
6. cxd5 {[%clk 1:41:36]} Nxd5 {[%clk 1:34:37]} 7. Be2 {[%clk 1:42:01]} Be6
{[%clk 1:33:04]} 8. O-O {[%clk 1:42:10]} O-O {[%clk 1:33:28]} 9. Bd2
{[%clk 1:42:16]} Qd7 {[%clk 1:32:52]} 10. a3 {[%clk 1:40:56]} a5 {[%clk 1:31:59]}
11. Qc2 {[%clk 1:41:22]} Rfd8 {[%clk 1:25:12]} 12. Ne4 {[%clk 1:40:12]} Nf6
{[%clk 1:18:58]} 13. Nfg5 {[%clk 1:33:04]} Nxe4 {[%clk 1:16:39]} 14. Nxe4
{[%clk 1:33:27]} f5 {[%clk 1:06:48]} 15. Nc5 {[%clk 1:33:32]} Bxc5
{[%clk 1:06:27]} 16. Qxc5 {[%clk 1:33:57]} e4 {[%clk 1:06:22]} 17. d4
{[%clk 1:34:14]} f4 {[%clk 0:57:19]} 18. Bc3 {[%clk 1:24:55]} Qf7
{[%clk 0:50:54]} 19. Qh5 {[%clk 1:22:16]} g6 {[%clk 0:47:11]} 20. Qh4
{[%clk 1:22:38]} f3 {[%clk 0:47:19]} 21. gxf3 {[%clk 1:21:50]} exf3
{[%clk 0:47:47]} 22. Bd3 {[%clk 1:22:03]} Rd5 {[%clk 0:46:29]} 23. Kh1
{[%clk 1:21:51]} Rh5 {[%clk 0:44:18]} 24. Qg3 {[%clk 1:22:16]} Rd8 25. Rg1
{[%clk 1:17:33]} Rh3 {[%clk 0:29:46]} 26. Qf4 Qxf4 {[%clk 0:29:12]} 27. exf4
{[%clk 1:17:59]} Nxd4 {[%clk 0:16:11]} 28. Rad1 {[%clk 1:17:32]} Rd5
{[%clk 0:12:01]} 29. Bf1 {[%clk 1:10:10]} Rh4 {[%clk 0:12:15]} 30. Rg5
{[%clk 1:09:27]} Rxg5 {[%clk 0:08:52]} 31. fxg5 {[%clk 1:09:53]} Nc6
{[%clk 0:09:09]} 32. Bb5 {[%clk 1:10:09]} a4 {[%clk 0:08:38]} 33. Bxc6
{[%clk 1:08:47]} bxc6 {[%clk 0:09:07]} 34. Rd4 {[%clk 1:09:11]} Rxd4
{[%clk 0:07:22]} 35. Bxd4 {[%clk 1:09:34]} Bh3 {[%clk 0:07:09]} 36. Be5
{[%clk 1:09:58]} Kf7 {[%clk 0:07:31]} 37. Bxc7 {[%clk 1:10:24]} Ke6
{[%clk 0:07:53]} 38. Ba5 {[%clk 1:10:42]} c5 {[%clk 0:08:12]} 39. Bc3
{[%clk 1:11:07]} Kf5 {[%clk 0:08:22]} 40. Bd2 {[%clk 1:11:35]} Ke4
{[%clk 0:08:43]} 41. Kg1 {[%clk 1:12:02]} Kd3 {[%clk 0:09:02]} 42. Bc3
{[%clk 1:12:29]} c4 {[%clk 0:09:24]} 43. Bh8 {[%clk 1:12:54]} Ke2
{[%clk 0:08:59]} 44. Bg7 {[%clk 1:11:18]} 1/2-1/2

[Event "1SM"]
[Site "Sharjah Chess Club"]
[Date "2017.03.29"]
[Round "7.20"]
[White "Schroeder, Jan-Christian"]
[Black "Rathnakaran, K."]
[Result "1-0"]
[BlackElo "2383"]
[WhiteElo "2543"]
[LiveChessVersion "1.4.8"]

1. e4 {[%clk 1:40:57]} e6 {[%clk 1:40:55]} 2. d4 {[%clk 1:41:24]} d5
{[%clk 1:41:22]} 3. Nd2 {[%clk 1:41:50]} Nf6 {[%clk 1:41:47]} 4. e5
{[%clk 1:42:18]} Nfd7 {[%clk 1:42:13]} 5. Bd3 {[%clk 1:42:44]} c5
{[%clk 1:42:39]} 6. c3 {[%clk 1:43:11]} Nc6 {[%clk 1:43:06]} 7. Ne2
{[%clk 1:43:35]} cxd4 {[%clk 1:43:32]} 8. cxd4 {[%clk 1:44:02]} f6
{[%clk 1:43:57]} 9. exf6 {[%clk 1:44:26]} Nxf6 {[%clk 1:44:20]} 10. O-O
{[%clk 1:44:52]} Bd6 {[%clk 1:40:23]} 11. Nf3 {[%clk 1:45:10]} Qc7
{[%clk 1:40:45]} 12. h3 {[%clk 1:45:16]} O-O {[%clk 1:41:06]} 13. Be3
{[%clk 1:45:43]} Bd7 {[%clk 1:39:42]} 14. Re1 {[%clk 1:46:10]} Rae8
{[%clk 1:39:50]} 15. Nc3 {[%clk 1:44:36]} a6 {[%clk 1:39:53]} 16. Rc1
{[%clk 1:45:00]} Qb8 {[%clk 1:35:11]} 17. Na4 {[%clk 1:42:47]} e5
{[%clk 1:34:04]} 18. dxe5 {[%clk 1:43:12]} Nxe5 {[%clk 1:34:28]} 19. Nxe5
{[%clk 1:43:39]} Bxe5 {[%clk 1:34:42]} 20. Nc5 {[%clk 1:43:58]} Bc8
{[%clk 1:32:06]} 21. Qd2 {[%clk 1:43:28]} Kh8 {[%clk 1:30:06]} 22. Bb1
{[%clk 1:24:13]} b6 {[%clk 1:24:59]} 23. Na4 {[%clk 1:06:25]} b5 {[%clk 1:24:02]}
24. Nc5 {[%clk 1:05:56]} Rd8 {[%clk 1:20:36]} 25. Bd4 {[%clk 0:52:17]} Bxd4
{[%clk 1:10:19]} 26. Qxd4 {[%clk 0:52:42]} Rde8 {[%clk 1:10:45]} 27. b4
{[%clk 0:47:55]} Qd6 {[%clk 1:10:09]} 28. Rcd1 {[%clk 0:41:47]} Re7
{[%clk 1:08:37]} 29. Bd3 {[%clk 0:39:09]} Rfe8 {[%clk 1:08:13]} 30. Rxe7
{[%clk 0:39:36]} Qxe7 {[%clk 1:08:35]} 31. a3 {[%clk 0:38:39]} Qf7
{[%clk 1:06:09]} 32. Qf4 {[%clk 0:34:44]} Qh5 {[%clk 1:01:49]} 33. Rc1
{[%clk 0:34:56]} d4 {[%clk 0:58:19]} 34. Nb3 {[%clk 0:31:13]} Qd5
{[%clk 0:55:45]} 35. Nxd4 {[%clk 0:28:11]} Bb7 {[%clk 0:54:50]} 36. Bf1
{[%clk 0:26:59]} Ne4 {[%clk 0:51:33]} 37. Nf3 {[%clk 0:24:01]} Qa2
{[%clk 0:51:45]} 38. Ng5 {[%clk 0:20:56]} Nxg5 {[%clk 0:48:41]} 39. Qxg5
{[%clk 0:21:16]} h6 {[%clk 0:48:27]} 40. Qg6 {[%clk 0:19:31]} Rf8
{[%clk 0:43:59]} 41. Bd3 {[%clk 0:11:54]} Qg8 {[%clk 0:43:18]} 42. Rc7
{[%clk 0:10:36]} Bd5 {[%clk 0:42:44]} 43. Qxa6 {[%clk 0:10:11]} Bxg2
{[%clk 0:42:52]} 44. Qxb5 {[%clk 0:08:48]} Bxh3 {[%clk 0:43:03]} 45. Qe5
{[%clk 0:07:32]} Re8 {[%clk 0:37:59]} 46. Re7 {[%clk 0:08:01]} Rxe7
{[%clk 0:38:14]} 47. Qxe7 {[%clk 0:08:29]} Qc8 {[%clk 0:36:33]} 48. Qe4
{[%clk 0:08:52]} Kg8 {[%clk 0:36:57]} 49. b5 {[%clk 0:08:00]} Qd8
{[%clk 0:27:19]} 50. b6 {[%clk 0:06:42]} Qg5+ {[%clk 0:25:03]} 51. Kh2
{[%clk 0:06:00]} Bd7 {[%clk 0:25:27]} 52. Bc4+ {[%clk 0:03:03]} Kf8
{[%clk 0:25:04]} 53. Qd5 {[%clk 0:01:59]} Qf6 {[%clk 0:17:45]} 54. Qf7+
{[%clk 0:02:27]} Qxf7 {[%clk 0:18:09]} 55. Bxf7 {[%clk 0:02:55]} Bc6
{[%clk 0:18:30]} 56. Bh5 {[%clk 0:03:13]} Ke7 {[%clk 0:18:41]} 57. a4
{[%clk 0:03:27]} Kd6 {[%clk 0:17:51]} 58. a5 {[%clk 0:03:09]} g5 {[%clk 0:16:51]}
59. Kg3 {[%clk 0:01:08]} Bb5 {[%clk 0:17:09]} 60. Bf3 {[%clk 0:01:04]} Kd5 1-0